000 00295nam a22001337a 4500
008 170421b xxu||||| |||| 00| 0 eng d
020 _a0716750066
041 _aeng
080 _a573
100 _a11
101 _aSHM
245 _aGIDED TOUR OF THE LIVING CELL
_cDUVE.CH
942 _2udc
_cBK
999 _c11481
_d11481